书目信息 |
| 题名: |
普通化学原理简明教程
|
|
| 作者: | 姜雪梅 主编 | |
| 分册: | ||
| 出版信息: | 北京 高等教育出版社 2018 |
|
| 页数: | 330页 | |
| 开本: | 23cm | |
| 丛书名: | ||
| 单 册: | ||
| 中图分类: | O6-43 | |
| 科图分类: | ||
| 主题词: | 普通化学--Pu Tong Hua Xue--高等学校--教材 | |
| 电子资源: | ||
| ISBN: | 978-7-04-041002-0 | |
| 000 | 00712nam0 2200241 45 | |
| 001 | 012001003017 | |
| 005 | 20140126141313.0 | |
| 010 | @a978-7-04-041002-0@dCNY29.60 | |
| 099 | @aCAL 012014118770 | |
| 100 | @a20141013d2014 ekmy0chiy50 ea | |
| 101 | 0 | @achi |
| 102 | @aCN@b110000 | |
| 105 | @aafk z 000yy | |
| 106 | @ar | |
| 200 | 1 | @a普通化学原理简明教程@APu Tong Hua Xue Yuan Li Jian Ming Jiao Cheng@f主编姜雪梅 |
| 210 | @a北京@c高等教育出版社@d2018 | |
| 215 | @a330页@c图@d23cm | |
| 300 | @a高等学校教材 | |
| 606 | 0 | @a普通化学@APu Tong Hua Xue@x高等学校@j教材 |
| 690 | @aO6-43@v5 | |
| 701 | 0 | @a姜雪梅@AJiang Xue Mei@4主编 |
| 801 | 0 | @aCN@b北京卓展@c20191020 |
| 905 | @b1210096-9@dO6-43@e1047@f4 | |
| 普通化学原理简明教程/主编姜雪梅.-北京:高等教育出版社,2018 |
| 330页:图;23cm |
| 高等学校教材 |
| ISBN 978-7-04-041002-0:CNY29.60 |
| ● |
| 相关链接 |
|
|
|
|
正题名:普通化学原理简明教程
索取号:O6-43/1047
 
预约/预借
| 序号 | 登录号 | 条形码 | 馆藏地/架位号 | 状态 | 备注 |
| 1 | 1210096 | 212100965 | 第二样本阅览室/ [索取号:O6-43/1047] | 在馆 | |
| 2 | 1210097 | 212100974 | 第三借阅区/ [索取号:O6-43/1047] | 在馆 | |
| 3 | 1210098 | 212100983 | 第三借阅区/ [索取号:O6-43/1047] | 在馆 | |
| 4 | 1210099 | 212100992 | 第三借阅区/ [索取号:O6-43/1047] | 在馆 |